|
|
|
|
| LEADER |
00000nam a22000007i 4500 |
| 001 |
IT\ICCU\TO0\1779206 |
| 003 |
ItRI |
| 005 |
20260115232046.0 |
| 008 |
100908s2010 it |||||| ||||| |||||c |
| 020 |
|
|
|a 9788809754423
|
| 040 |
|
|
|b ita
|c importazione bologna sebina
|
| 041 |
|
7 |
|a ita
|2 ISO-639-2
|
| 110 |
2 |
|
|a Società italiana di ginecologia e ostetricia
|0 IT\ICCU\CFIV\034103
|
| 245 |
0 |
0 |
|a Travelsex! :
|b contraccezione e prevenzione in viaggio.
|
| 246 |
1 |
3 |
|a Travelsex
|9 IT\ICCU\TO0\1779207
|
| 260 |
|
|
|a Firenze ;
|a Milano :
|b Giunti,
|c 2010
|
| 300 |
|
|
|a 64 p. :
|b ill. ;
|c 20 cm
|
| 500 |
|
|
|a In calce al front.: In collaborazione con SIGO, Società italiana di ginecologia e ostetricia.
|
| 650 |
|
7 |
|a Costumi sessuali
|x Europa
|x Storia
|x sec. 21.
|2 scbi
|
| 650 |
|
7 |
|a Turismo e costumi sessuali
|x Europa
|x Sec. 21.
|2 scbi
|
| 650 |
|
7 |
|a Turismo
|x Giovani
|x Guide
|2 scbi
|
| 791 |
2 |
|
|a S.I.G.O.
|3 IT\ICCU\CFIV\077085
|z Società italiana di ginecologia e ostetricia
|
| 791 |
2 |
|
|a Società italiana di ginecologia ed ostetricia
|3 IT\ICCU\CFIV\159293
|z Società italiana di ginecologia e ostetricia
|
| 942 |
|
|
|2 ddc
|c BK
|n 0
|
| 952 |
|
|
|0 0
|1 0
|4 0
|6 DOC_613_680000000000000_SIG
|7 0
|9 19314
|a BO
|b BO
|d 2026-01-15
|i 14935
|l 0
|o DOC 613.68 SIG
|p BO14935
|r 2026-01-15 23:20:46
|w 2026-01-15
|x [Sebina 5] [1 v.]
|y BK
|z 1 v.
|
| 999 |
|
|
|c 16443
|d 16443
|